000 00431nam a2200157Ia 4500
008 210210b2004 xxu||||| |||| 00| 0 eng d
020 _a81 219 1476 2
082 _a530.41 PURS
100 _aPURI (R K) and BABBAR (V K).
245 _aSolid state physics and electronics.
260 _aN D
_bS. Chand & Co. Ltd.
_c2004
300 _axvi,595
650 _aSolid State Physics
690 _aSolid State Physics
906 _a060533
999 _c107449
_d107449